| 000 | 00734nam a2200241 i 4500 | ||
|---|---|---|---|
| 001 | bg | ||
| 100 | 1 | _aBussagli, Marco. | |
| 245 | 0 |
_aAntonello da Messina / _c[tekst Marco Bussagli ; tł. Monika Kopicka]. |
|
| 260 |
_aWarszawa : _bRzeczpospolita ; _bHPS, _c2006. |
||
| 300 |
_a143 s. : _bil. ; _c26 cm. |
||
| 490 | 1 |
_aKlasycy Sztuki ; _v37 |
|
| 600 | 0 | 9 |
_aAntonello da Messina _d(1430-1479) _xtwórczość |
| 650 | 0 |
_aMalarstwo włoskie _xhistoria _y15 w. |
|
| 700 | 0 | 1 |
_aKopicka, Monika _eTł. |
| 830 | _aKlasycy Sztuki ; | ||
| 020 | _a9788360688113 | ||
| 040 | _cBPK | ||
| 041 | 1 |
_apol _heng |
|
| 080 | _a75.071A/Z(450)"14"(084.1) | ||
| 920 | _a978-83-60688-11-3 | ||
| 942 | _cKS | ||
| 008 | s pl f |000 0 pol | ||
| 999 |
_c53754 _d53754 |
||
| 856 |
_uhttp://koha.tu.koszalin.pl/cgi-bin/koha/opac-detail.pl?biblionumber=53754 _yKatalog online BPK |
||